[Event "26th Klatovy A 2018"]
[Site "Klatovy CZE"]
[Date "2018.07.08"]
[Round "9.13"]
[White "Furman, Boris"]
[Black "Chmel, Kristian"]
[Result "1-0"]
[WhiteElo "2203"]
[BlackElo "2121"]
[PlyCount "89"]
[EventDate "2018.06.30"]
[EventType "swiss"]
[EventRounds "9"]
[EventCountry "CZE"]

1. d4 Nf6 2. c4 g6 3. Nc3 d5 4. cxd5 Nxd5 5. e4 Nxc3 6. bxc3 Bg7 7. Be3 O-O 8. Nf3 c5 9. Qd2 Qa5 10. Rc1 cxd4 11. cxd4 Qxd2+ 12. Nxd2 Rd8 13. Nb3 Nd7 14. Be2 Nb6 15. O-O e6 16. Bg5 f6 17. Bf4 Bf8 18. Bc7 Rd7 19. Bb5 Rf7 20. Bf4 Bd7 21. Bd3 Re8 22. Na5 e5 23. dxe5 fxe5 24. Be3 Be6 25. Rc2 Kg7 26. Rb1 Rd8 27. Be2 Rfd7 28. f3 Kf6 29. h4 h6 30. Kf2 g5 31. hxg5+ hxg5 32. Rb5 Be7 33. Nb3 Bxb3 34. Rxb3 Nc8 35. Rbc3 Nb6 36. Bb5 Rd1 37. Rc7 Bb4 38. Rxb7 Be1+ 39. Ke2 Bg3 40. Rc6+ R8d6 41. Rxd6+ Rxd6 42. Rxa7 Nc8 43. Rc7 Ne7 44. Bc5 Re6 45. Bc4 1-0

[Event "26th Klatovy A 2018"]
[Site "Klatovy CZE"]
[Date "2018.07.08"]
[Round "9.14"]
[White "Svanda, Ondrej"]
[Black "Formanek, Martin"]
[Result "1/2-1/2"]
[WhiteElo "2043"]
[BlackElo "2267"]
[PlyCount "26"]
[EventDate "2018.06.30"]
[EventType "swiss"]
[EventRounds "9"]
[EventCountry "CZE"]

1. e4 c5 2. Nf3 d6 3. d4 cxd4 4. Nxd4 Nf6 5. Nc3 a6 6. Be2 e5 7. Nb3 Be7 8. Be3 Be6 9. O-O O-O 10. f4 exf4 11. Bxf4 Nc6 12. Kh1 Ne5 13. Qe1 Nfd7 1/2-1/2

[Event "26th Klatovy A 2018"]
[Site "Klatovy CZE"]
[Date "2018.07.08"]
[Round "9.15"]
[White "Dvorak, Jan"]
[Black "Kusa, Jakub"]
[Result "1-0"]
[WhiteElo "2210"]
[BlackElo "2046"]
[PlyCount "73"]
[EventDate "2018.06.30"]
[EventType "swiss"]
[EventRounds "9"]
[EventCountry "CZE"]

1. c4 Nf6 2. g3 e6 3. Bg2 d5 4. Nf3 Be7 5. O-O O-O 6. d4 Nbd7 7. b3 Re8 8. Bb2 c6 9. Nbd2 Bd6 10. Ne5 Qc7 11. Ndf3 b6 12. Rc1 Bb7 13. Nd3 Rac8 14. b4 Qb8 15. c5 Bc7 16. a4 Ba6 17. b5 bxc5 18. bxa6 c4 19. Ba3 cxd3 20. Qxd3 Qa8 21. Rc2 Ne4 22. Nd2 Nxd2 23. Qxd2 Nb6 24. Rfc1 Nc4 25. Rxc4 dxc4 26. Rxc4 Qb8 27. Rb4 Ba5 28. Rxb8 Bxd2 29. Rb7 Bc3 30. e3 Ba5 31. Bc5 Rc7 32. Bxa7 Ra8 33. Rb8+ Rc8 34. Rxc8+ Rxc8 35. Bc5 Rb8 36. a7 Rb1+ 37. Bf1 1-0

[Event "26th Klatovy A 2018"]
[Site "Klatovy CZE"]
[Date "2018.07.08"]
[Round "9.16"]
[White "Krutsky, Martin"]
[Black "Kopta, Pavel"]
[Result "1/2-1/2"]
[WhiteElo "2123"]
[BlackElo "2210"]
[PlyCount "22"]
[EventDate "2018.06.30"]
[EventType "swiss"]
[EventRounds "9"]
[EventCountry "CZE"]

1. e4 c5 2. Nf3 d6 3. d4 cxd4 4. Nxd4 Nf6 5. Nc3 g6 6. Bc4 Bg7 7. O-O O-O 8. Re1 Nc6 9. Bb3 Nxd4 10. Qxd4 Qa5 11. h3 Nd7 1/2-1/2

[Event "26th Klatovy A 2018"]
[Site "Klatovy CZE"]
[Date "2018.07.08"]
[Round "9.17"]
[White "Stinka, Jakub"]
[Black "Hadraba, Vladimir"]
[Result "1/2-1/2"]
[WhiteElo "2093"]
[BlackElo "2192"]
[PlyCount "98"]
[EventDate "2018.06.30"]
[EventType "swiss"]
[EventRounds "9"]
[EventCountry "CZE"]

1. e4 c5 2. Nf3 Nc6 3. d4 cxd4 4. Nxd4 g6 5. Nc3 Bg7 6. Nde2 d6 7. g3 Nf6 8. Bg2 O-O 9. O-O Bd7 10. h3 Rb8 11. a4 a6 12. Nd5 Be6 13. Be3 Bxd5 14. exd5 Ne5 15. b3 a5 16. Nd4 Ned7 17. Qd2 Nc5 18. Rae1 Re8 19. Nb5 Nfe4 20. Bxe4 Nxe4 21. Qd3 Nc5 22. Bxc5 dxc5 23. Rd1 Qd7 24. Kg2 b6 25. Qc4 Rbd8 26. Rd3 Qb7 27. Kh2 Rd7 28. Rfd1 Red8 29. Qe4 e6 30. c4 exd5 31. Rxd5 Rxd5 32. Rxd5 Qb8 33. Qd3 Bf6 34. Rxd8+ Qxd8 35. Qxd8+ Bxd8 36. Kg2 f5 37. Kf3 Kf7 38. Nc3 Ke6 39. Nd5 Ke5 40. Ke3 h6 41. g4 Kd6 42. Ke2 Ke5 43. Kd3 Ke6 44. Nf4+ Kf7 45. Ke2 Bc7 46. Nd5 Bd8 47. Kf3 Ke6 48. Nf4+ Kf7 49. Nd5 Ke6 1/2-1/2

[Event "26th Klatovy A 2018"]
[Site "Klatovy CZE"]
[Date "2018.07.08"]
[Round "9.18"]
[White "Simunek, Filip"]
[Black "Smid, Pavel"]
[Result "1-0"]
[WhiteElo "2184"]
[BlackElo "1964"]
[PlyCount "51"]
[EventDate "2018.06.30"]
[EventType "swiss"]
[EventRounds "9"]
[EventCountry "CZE"]

1. d4 e6 2. c4 f5 3. g3 Nf6 4. Bg2 d5 5. Nh3 Bd6 6. O-O c6 7. Qc2 O-O 8. Bf4 Ne4 9. f3 Bxf4 10. Nxf4 Nd6 11. Nd2 g5 12. Nd3 Nd7 13. e4 b6 14. cxd5 cxd5 15. exd5 exd5 16. Qc6 Qf6 17. Qxd5+ Kh8 18. Ne4 fxe4 19. fxe4 Bb7 20. Rxf6 Bxd5 21. Rxd6 Bc4 22. Nf2 Rad8 23. e5 Nb8 24. Ne4 Na6 25. b3 Bd3 26. Nxg5 1-0

[Event "26th Klatovy A 2018"]
[Site "Klatovy CZE"]
[Date "2018.07.08"]
[Round "9.19"]
[White "Molkanov, Oleg 2001"]
[Black "Dolansky, Lukas"]
[Result "1-0"]
[WhiteElo "2051"]
[BlackElo "2184"]
[PlyCount "65"]
[EventDate "2018.06.30"]
[EventType "swiss"]
[EventRounds "9"]
[EventCountry "CZE"]

1. d4 d5 2. c4 e6 3. Nf3 Nf6 4. g3 Be7 5. Bg2 O-O 6. O-O c6 7. Nbd2 Nbd7 8. Qc2 b6 9. e4 Bb7 10. Rd1 Rc8 11. b3 Qc7 12. Bb2 Rfd8 13. Rac1 Qb8 14. e5 Ne8 15. Qd3 Nc7 16. h4 h6 17. Qb1 Qa8 18. cxd5 exd5 19. Nf1 c5 20. Ne3 Ne6 21. Nf5 Bf8 22. Ba3 g6 23. Nd6 Bxd6 24. exd6 Ndf8 25. h5 g5 26. Ne5 Nxd4 27. Rxd4 cxd4 28. Qf5 Rxc1+ 29. Bxc1 Rxd6 30. Qxf7+ Kh8 31. Ba3 Qd8 32. Bxd6 Qxd6 33. Ng6+ 1-0

[Event "26th Klatovy A 2018"]
[Site "Klatovy CZE"]
[Date "2018.07.08"]
[Round "9.20"]
[White "Bartos, Jan"]
[Black "Cmiko, Jakub"]
[Result "1/2-1/2"]
[WhiteElo "2153"]
[BlackElo "2015"]
[PlyCount "33"]
[EventDate "2018.06.30"]
[EventType "swiss"]
[EventRounds "9"]
[EventCountry "CZE"]

1. d4 d6 2. c4 e5 3. Nf3 e4 4. Ng5 f5 5. Nc3 c6 6. Nh3 Nf6 7. e3 g6 8. Nf4 Qe7 9. h4 Be6 10. Bd2 Bf7 11. Be2 Qc7 12. g3 Nbd7 13. Kf1 Be7 14. Kg2 O-O 15. b4 b6 16. a4 a6 17. a5 1/2-1/2

[Event "26th Klatovy A 2018"]
[Site "Klatovy CZE"]
[Date "2018.07.08"]
[Round "9.21"]
[White "Kubat, Miroslav"]
[Black "Kaderabek, Jiri"]
[Result "1-0"]
[WhiteElo "1993"]
[BlackElo "2125"]
[PlyCount "109"]
[EventDate "2018.06.30"]
[EventType "swiss"]
[EventRounds "9"]
[EventCountry "CZE"]

1. e4 c5 2. Nc3 d6 3. g3 Nf6 4. Bg2 Nc6 5. Nge2 g6 6. O-O Bg7 7. d3 Bd7 8. h3 O-O 9. f4 Rb8 10. a4 a6 11. g4 b5 12. axb5 axb5 13. Ng3 Ne8 14. f5 c4 15. g5 cxd3 16. cxd3 Be5 17. Bf4 e6 18. f6 Qb6+ 19. Kh2 Bxf4 20. Rxf4 Qe3 21. Nce2 Nd4 22. Qg1 Qxg1+ 23. Kxg1 Nb3 24. Ra3 b4 25. Rxb3 Ba4 26. Nc1 e5 27. Rf1 h6 28. h4 hxg5 29. hxg5 Nc7 30. Bh3 Ne6 31. Bxe6 fxe6 32. d4 Bxb3 33. Nxb3 Rfc8 34. dxe5 Rb5 35. exd6 Kf7 36. Nd4 Rxg5 37. Kg2 Rgc5 38. e5 Rd5 39. Nf3 Kf8 40. Rf2 Rc4 41. Re2 Rd3 42. Ne4 b3 43. Kf2 Ke8 44. Nfg5 Rd5 45. f7+ Kf8 46. Ke3 Rc2 47. Nxe6+ Kxf7 48. N4g5+ Kg8 49. Nf3 Kf7 50. Ned4 Rxe2+ 51. Kxe2 Rc5 52. Kd3 Rc1 53. Nxb3 Rb1 54. Kc2 Rh1 55. Nbd4 1-0

[Event "26th Klatovy A 2018"]
[Site "Klatovy CZE"]
[Date "2018.07.08"]
[Round "9.22"]
[White "Brejnik, Gustav"]
[Black "Brunova, Blanka"]
[Result "1/2-1/2"]
[WhiteElo "2120"]
[BlackElo "1994"]
[PlyCount "47"]
[EventDate "2018.06.30"]
[EventType "swiss"]
[EventRounds "9"]
[EventCountry "CZE"]

1. d4 Nf6 2. c4 g6 3. g3 Bg7 4. Bg2 O-O 5. Nc3 d6 6. Nf3 Nbd7 7. O-O e5 8. e4 exd4 9. Nxd4 Ne5 10. b3 Nh5 11. h3 a6 12. Be3 c5 13. Nde2 f5 14. exf5 Bxf5 15. f4 Nd3 16. g4 Qe7 17. Nd5 Qh4 18. gxf5 Bxa1 19. Qxa1 Rae8 20. Kh2 Rxf5 21. Qb1 Nb4 22. Be4 Nxd5 23. cxd5 Rf7 24. Rg1 1/2-1/2

[Event "26th Klatovy A 2018"]
[Site "Klatovy CZE"]
[Date "2018.07.08"]
[Round "9.23"]
[White "Nagy, Ladislav1"]
[Black "Pick, Stepan"]
[Result "1/2-1/2"]
[WhiteElo "1996"]
[BlackElo "2113"]
[PlyCount "44"]
[EventDate "2018.06.30"]
[EventType "swiss"]
[EventRounds "9"]
[EventCountry "CZE"]

1. Nf3 f5 2. g3 Nf6 3. Bg2 g6 4. O-O Bg7 5. c4 d6 6. d4 O-O 7. Nc3 Qe8 8. Nd5 Nxd5 9. cxd5 Nd7 10. Ng5 Nf6 11. Ne6 Bxe6 12. dxe6 c6 13. d5 Nxd5 14. Bxd5 cxd5 15. Qxd5 Qc6 16. Qb3 Bf6 17. Be3 Rfc8 18. Rac1 Qa6 19. a3 b6 20. Rfe1 Rxc1 21. Rxc1 Rc8 22. Rc2 Kg7 1/2-1/2

[Event "26th Klatovy A 2018"]
[Site "Klatovy CZE"]
[Date "2018.07.08"]
[Round "9.24"]
[White "Kotal, Vaclav"]
[Black "Hlavina, Matous"]
[Result "1/2-1/2"]
[WhiteElo "2101"]
[BlackElo "1776"]
[PlyCount "125"]
[EventDate "2018.06.30"]
[EventType "swiss"]
[EventRounds "9"]
[EventCountry "CZE"]

1. d4 Nf6 2. Nc3 d5 3. Bf4 g6 4. Nb5 Na6 5. e3 c6 6. Nc3 Nc7 7. Be2 Bg7 8. h4 h5 9. Nf3 Bf5 10. Ng5 Nd7 11. g4 hxg4 12. Bxg4 Bxg4 13. Qxg4 e5 14. dxe5 Bxe5 15. Bxe5 Nxe5 16. Qf4 Qe7 17. O-O-O O-O-O 18. Nf3 Nxf3 19. Qxf3 Rh5 20. Ne2 Rdh8 21. Rd4 Ne6 22. Ra4 a6 23. Ng3 R5h7 24. h5 Ng5 25. Qg4+ Kc7 26. Qf4+ Kc8 27. Rd1 Ne6 28. Qe5 gxh5 29. Qc3 Qg5 30. Ra5 Qg7 31. Qb3 Qf6 32. e4 Qf4+ 33. Kb1 dxe4 34. Nf5 Rd8 35. Ne7+ Kc7 36. Rxd8 Nxd8 37. a4 Qxf2 38. Rf5 Qd4 39. a5 Qd6 40. Qb6+ Kd7 41. Ng8 Rg7 42. Nf6+ Ke7 43. Nxe4 Qe6 44. Qc5+ Kd7 45. Qd4+ Ke7 46. Rxh5 Rg4 47. Qc5+ Kd7 48. Qd4+ Ke7 49. Rh8 Rg1+ 50. Qxg1 Qxe4 51. Qg5+ f6 52. Qg7+ Nf7 53. Qf8+ Ke6 54. Qe8+ Kf5 55. Qxf7 Qe1+ 56. Ka2 Qxa5+ 57. Kb3 Qb5+ 58. Kc3 Qc5+ 59. Kd2 Qd4+ 60. Ke2 Qe4+ 61. Kf2 Qf4+ 62. Ke2 Qe4+ 63. Kd2 1/2-1/2

[Event "26th Klatovy A 2018"]
[Site "Klatovy CZE"]
[Date "2018.07.08"]
[Round "9.25"]
[White "Hajek, Jiri2"]
[Black "Bartonicek, Zdenek"]
[Result "1-0"]
[WhiteElo "2081"]
[BlackElo "1987"]
[PlyCount "107"]
[EventDate "2018.06.30"]
[EventType "swiss"]
[EventRounds "9"]
[EventCountry "CZE"]

1. e4 e5 2. Nf3 Nc6 3. Nc3 Nf6 4. Bb5 Bb4 5. O-O O-O 6. d3 Nd4 7. Bc4 d5 8. Nxd5 Nxd5 9. Bxd5 c6 10. Bb3 Nxb3 11. axb3 Bg4 12. h3 Bxf3 13. Qxf3 Qe7 14. Be3 Bc5 15. Qg3 a6 16. Kh1 f5 17. exf5 Rxf5 18. Qg4 Rf7 19. Qc4 Bd6 20. Rae1 Raf8 21. Re2 Kh8 22. Rfe1 Qc7 23. f3 Qd7 24. Qg4 Qc7 25. Bd2 Rf6 26. Re4 Rf5 27. Bc3 h6 28. Qg3 Rf4 29. Bxe5 Rxe4 30. Rxe4 Bxe5 31. Qxe5 Qb6 32. Rg4 Rg8 33. d4 Qb4 34. d5 Qc5 35. c4 cxd5 36. cxd5 Qb5 37. b4 Qd7 38. Qe6 Rd8 39. Qxd7 Rxd7 40. Rd4 Kg8 41. Kh2 Kf8 42. Kg3 Ke7 43. Kf4 Kd6 44. Kf5 b6 45. f4 Rb7 46. g4 a5 47. b5 Re7 48. Kg6 Rd7 49. h4 Kc5 50. Rd2 Kxb5 51. f5 Kc5 52. g5 hxg5 53. hxg5 b5 54. f6 1-0

[Event "26th Klatovy A 2018"]
[Site "Klatovy CZE"]
[Date "2018.07.08"]
[Round "9.26"]
[White "Neuendorf, Max"]
[Black "Kopriva, Martin"]
[Result "1/2-1/2"]
[WhiteElo "1981"]
[BlackElo "2068"]
[PlyCount "65"]
[EventDate "2018.06.30"]
[EventType "swiss"]
[EventRounds "9"]
[EventCountry "CZE"]

1. e4 g6 2. d4 Bg7 3. Nc3 d6 4. Nf3 c6 5. h3 Qc7 6. Be3 b5 7. Bd3 Nd7 8. O-O a6 9. a4 Bb7 10. Re1 b4 11. Na2 c5 12. Qe2 Ngf6 13. e5 dxe5 14. dxe5 Nxe5 15. Bf4 Nxf3+ 16. gxf3 Qd7 17. Bc4 Nd5 18. Bxd5 Bxd5 19. Rad1 O-O 20. c4 bxc3 21. Nxc3 e6 22. Be5 f6 23. Bf4 Qc6 24. Nxd5 exd5 25. Qe6+ Qxe6 26. Rxe6 Rfd8 27. Rc6 Bf8 28. Rxf6 Bg7 29. Rc6 c4 30. Bc1 Rab8 31. Rc5 Bxb2 32. Bxb2 Rxb2 33. Rxc4 1/2-1/2

[Event "26th Klatovy A 2018"]
[Site "Klatovy CZE"]
[Date "2018.07.08"]
[Round "9.27"]
[White "Novy, Vaclav"]
[Black "Kovar, Petr"]
[Result "1-0"]
[WhiteElo "2065"]
[BlackElo "1911"]
[PlyCount "83"]
[EventDate "2018.06.30"]
[EventType "swiss"]
[EventRounds "9"]
[EventCountry "CZE"]

1. e4 c5 2. Nf3 Nc6 3. Bb5 Nd4 4. Nxd4 cxd4 5. c3 Qb6 6. Ba4 g6 7. O-O Bg7 8. Qf3 e6 9. cxd4 Qxd4 10. Nc3 Ne7 11. d3 O-O 12. Bg5 Nc6 13. Qe3 Qb4 14. Bb3 Nd4 15. e5 d5 16. exd6 Nf5 17. Qf4 Qxf4 18. Bxf4 Rd8 19. Ne4 h6 20. Rac1 e5 21. Be3 Nxd6 22. Rc7 Be6 23. Bxe6 fxe6 24. Nxd6 Rxd6 25. Rxb7 Rad8 26. Rxa7 Rxd3 27. g3 e4 28. b4 Bd4 29. Bxd4 R3xd4 30. b5 Rb4 31. a4 Rb2 32. Rc1 e3 33. fxe3 h5 34. h4 Kf8 35. Kf1 Ke8 36. Ke1 Kf8 37. Rd1 Rc8 38. Rd2 Rb3 39. Ke2 Ke8 40. Rd3 Rc2+ 41. Kd1 Rg2 42. Rxb3 1-0

[Event "26th Klatovy A 2018"]
[Site "Klatovy CZE"]
[Date "2018.07.08"]
[Round "9.28"]
[White "Kunc, Jan"]
[Black "Vevera, Radek"]
[Result "1-0"]
[WhiteElo "1947"]
[BlackElo "2064"]
[PlyCount "87"]
[EventDate "2018.06.30"]
[EventType "swiss"]
[EventRounds "9"]
[EventCountry "CZE"]

1. e4 c6 2. d4 d5 3. exd5 cxd5 4. Bd3 Nc6 5. c3 Qc7 6. Ne2 Bg4 7. O-O e6 8. Qe1 Bxe2 9. Qxe2 Bd6 10. h3 Nf6 11. Nd2 h6 12. Nf3 g5 13. Re1 g4 14. hxg4 Nxg4 15. Bf5 Rg8 16. Bxe6 Be7 17. Bxd5 O-O-O 18. Bxc6 Bh4 19. Bxb7+ Kxb7 20. Be3 Rd5 21. c4 Rh5 22. c5 Bd8 23. Rac1 Rh2 24. Qb5+ Ka8 25. Nxh2 Qxh2+ 26. Kf1 Nxe3+ 27. Rxe3 Qxg2+ 28. Ke2 Qd5 29. Qc4 Qh5+ 30. Kd3 Qf5+ 31. Kc3 Bg5 32. Qd3 Qd5 33. Re5 Qxa2 34. Qe4+ Kb8 35. Re8+ Rxe8 36. Qxe8+ Kc7 37. Qe5+ Kc8 38. Re1 Qa5+ 39. Kc2 Qa4+ 40. Kb1 Qc4 41. Qe8+ Kc7 42. Qe5+ Kc8 43. Qe8+ Kc7 44. Qe4 1-0

[Event "26th Klatovy A 2018"]
[Site "Klatovy CZE"]
[Date "2018.07.08"]
[Round "9.29"]
[White "Seemann, Jakub"]
[Black "Cecil, Pavel"]
[Result "1-0"]
[WhiteElo "1814"]
[BlackElo "1924"]
[PlyCount "35"]
[EventDate "2018.06.30"]
[EventType "swiss"]
[EventRounds "9"]
[EventCountry "CZE"]

1. e4 e6 2. d4 d5 3. Nd2 Nf6 4. e5 Nfd7 5. Bd3 c5 6. c3 Nc6 7. Ne2 cxd4 8. cxd4 f6 9. exf6 Qxf6 10. Nf3 a6 11. O-O Bd6 12. Ng3 O-O 13. Bb1 Rd8 14. Re1 Nf8 15. Ne5 Bd7 16. Nh5 Qh4 17. Re3 Qxd4 18. Nf6+ 1-0

[Event "26th Klatovy A 2018"]
[Site "Klatovy CZE"]
[Date "2018.07.08"]
[Round "9.30"]
[White "Jelinek, Michal"]
[Black "Paldus, Jan"]
[Result "1/2-1/2"]
[WhiteElo "2204"]
[BlackElo "1778"]
[PlyCount "140"]
[EventDate "2018.06.30"]
[EventType "swiss"]
[EventRounds "9"]
[EventCountry "CZE"]

1. d4 d5 2. c4 e6 3. Nc3 Nf6 4. cxd5 exd5 5. Bg5 Be7 6. e3 c6 7. Bd3 h6 8. Bh4 Be6 9. Nge2 Nh5 10. Bxe7 Qxe7 11. Qd2 Nd7 12. a3 g5 13. h3 Ng7 14. f3 f5 15. O-O-O O-O-O 16. g4 Rdf8 17. Rdf1 fxg4 18. hxg4 h5 19. gxh5 Rxh5 20. Rxh5 Nxh5 21. e4 dxe4 22. Bxe4 Bc4 23. Rh1 Nf4 24. Ng3 Be6 25. Rh7 Rf7 26. Rh8+ Rf8 27. Rh6 Rf6 28. Rh8+ Rf8 29. Rh7 Rf7 30. Rh6 Rf6 31. Rh2 Rf8 32. Na4 Nd5 33. Rh7 Rf7 34. Rxf7 Bxf7 35. Nf5 Qf6 36. Nc5 b6 37. Na6 Kb7 38. Nb4 Nxb4 39. axb4 Bd5 40. Qh2 Bxe4 41. fxe4 Qe6 42. Nd6+ Ka6 43. b5+ cxb5 44. Qg3 Qa2 45. Qc3 Nf6 46. Qc8+ Ka5 47. Nb7+ Ka4 48. Nc5+ Kb4 49. Nd3+ Ka5 50. b4+ Ka4 51. Qa6+ Kb3 52. Qxa2+ Kxa2 53. e5 Nd5 54. e6 Kb3 55. Kd2 Kc4 56. Ne5+ Kxd4 57. Nc6+ Kc4 58. e7 Nxe7 59. Nxe7 Kxb4 60. Nc6+ Kc4 61. Nxa7 g4 62. Nc6 g3 63. Ne5+ Kd4 64. Nf3+ Kc4 65. Kc2 g2 66. Ng1 b4 67. Kd2 b3 68. Nf3 b5 69. Ng1 b4 70. Nf3 Kd5 1/2-1/2

[Event "26th Klatovy A 2018"]
[Site "Klatovy CZE"]
[Date "2018.07.08"]
[Round "9.31"]
[White "Flajsman, Pavel"]
[Black "Hak, David"]
[Result "1/2-1/2"]
[WhiteElo "1828"]
[BlackElo "1886"]
[PlyCount "51"]
[EventDate "2018.06.30"]
[EventType "swiss"]
[EventRounds "9"]
[EventCountry "CZE"]

1. Nf3 d5 2. g3 Nf6 3. Bg2 e6 4. O-O Bd6 5. d4 O-O 6. c4 c6 7. cxd5 cxd5 8. Nc3 a6 9. Qd3 b5 10. a3 Bb7 11. Nd2 b4 12. axb4 Nc6 13. e4 dxe4 14. Ndxe4 Nxe4 15. Nxe4 Bxb4 16. Be3 Be7 17. Rfc1 e5 18. Qb3 Rb8 19. dxe5 Nxe5 20. Qc3 Bxe4 21. Bxe4 Bf6 22. Qc7 Rxb2 23. Qxd8 Rxd8 24. Rxa6 Ng6 25. Ra7 Be5 26. h3 1/2-1/2

[Event "26th Klatovy A 2018"]
[Site "Klatovy CZE"]
[Date "2018.07.08"]
[Round "9.32"]
[White "Strnad, Jakub"]
[Black "Hlozek, David"]
[Result "0-1"]
[WhiteElo "2055"]
[BlackElo "1852"]
[PlyCount "114"]
[EventDate "2018.06.30"]
[EventType "swiss"]
[EventRounds "9"]
[EventCountry "CZE"]

1. e4 c5 2. Nf3 d6 3. d4 cxd4 4. Nxd4 Nf6 5. Nc3 a6 6. Be2 e6 7. O-O b5 8. a3 Bb7 9. Qd3 Nbd7 10. Nb3 Ne5 11. Qd4 Qc7 12. f4 Nc4 13. a4 e5 14. Qd3 Qb6+ 15. Kh1 Rc8 16. Bf3 Be7 17. f5 O-O 18. Nd2 Rfd8 19. Nxc4 bxc4 20. Be3 Qa5 21. Qd2 Rd7 22. Rad1 Rcd8 23. Rfe1 Qb4 24. Nd5 Nxd5 25. exd5 Qxa4 26. Ra1 Qb5 27. Ra5 Qxb2 28. Raa1 c3 29. Qd3 Qb5 30. Qxc3 Rc8 31. Qd2 Qc4 32. Rec1 e4 33. Be2 Qxd5 34. Qxd5 Bxd5 35. Rxa6 Rdc7 36. c4 h6 37. Ra4 Bc6 38. Raa1 Bd7 39. Rf1 Rb8 40. c5 Rb2 41. cxd6 Bxd6 42. Bg4 Bb5 43. Rfc1 Rxc1+ 44. Rxc1 Bb4 45. Kg1 Be2 46. Bxe2 Rxe2 47. Rc4 Bd6 48. Bb6 Rb2 49. Ba7 Rb1+ 50. Kf2 Bxh2 51. Bd4 Bg1+ 52. Ke2 Bxd4 53. Rxd4 Rb2+ 54. Kf1 e3 55. Rf4 Kf8 56. f6 g6 57. Rf3 Rf2+ 0-1

[Event "26th Klatovy A 2018"]
[Site "Klatovy CZE"]
[Date "2018.07.08"]
[Round "9.33"]
[White "Svanda, Adam"]
[Black "Richter, Martin1"]
[Result "1/2-1/2"]
[WhiteElo "1814"]
[BlackElo "2009"]
[PlyCount "50"]
[EventDate "2018.06.30"]
[EventType "swiss"]
[EventRounds "9"]
[EventCountry "CZE"]

1. c4 c5 2. Nf3 Nc6 3. Nc3 g6 4. g3 Bg7 5. Bg2 e6 6. O-O d5 7. cxd5 exd5 8. d3 Nge7 9. Rb1 O-O 10. a3 Be6 11. Bd2 Rc8 12. Na4 Nd4 13. Nxd4 Bxd4 14. e3 Bg7 15. Rc1 b6 16. Re1 Qd7 17. b3 Rfd8 18. b4 c4 19. d4 Nf5 20. Nc3 b5 21. Ra1 Ra8 22. Qe2 Ne7 23. Rec1 a6 24. Qe1 Nc6 25. Ne2 Bf8 1/2-1/2

[Event "26th Klatovy A 2018"]
[Site "Klatovy CZE"]
[Date "2018.07.08"]
[Round "9.34"]
[White "Hacaperka, Michal"]
[Black "Hlavac, Rudolf"]
[Result "1-0"]
[WhiteElo "1890"]
[BlackElo "1987"]
[PlyCount "113"]
[EventDate "2018.06.30"]
[EventType "swiss"]
[EventRounds "9"]
[EventCountry "CZE"]

1. e4 c5 2. Nc3 Nc6 3. Bb5 g6 4. d3 Bg7 5. Bxc6 bxc6 6. f4 d6 7. Nf3 Nf6 8. O-O O-O 9. Qe1 h6 10. b3 Bg4 11. Bb2 Rb8 12. Na4 Nh5 13. Bxg7 Nxg7 14. Nh4 Kh7 15. f5 gxf5 16. h3 Bh5 17. exf5 f6 18. Qe4 Qe8 19. Rae1 Rb7 20. Rf2 Bf7 21. Rfe2 Bd5 22. Qg4 e5 23. fxe6 f5 24. Qf4 Qe7 25. c4 Bxe6 26. Qg3 Rf6 27. Qf3 d5 28. Qf2 Qd6 29. Nxc5 Rbf7 30. Nxe6 Nxe6 31. Kh1 Nf4 32. c5 Qc7 33. Qf3 Nxe2 34. Rxe2 Re7 35. d4 Re4 36. Rxe4 dxe4 37. Qe3 Qe7 38. g3 Rf7 39. Ng2 Qg5 40. Nf4 Rd7 41. Kh2 Qf6 42. Ne2 Qg5 43. Nf4 h5 44. h4 Qg4 45. Ne6 Re7 46. Nf4 Qf3 47. Qe2 Kh6 48. Kh3 Rg7 49. Qxf3 exf3 50. d5 cxd5 51. Nxd5 Rd7 52. Ne3 Kg6 53. Kh2 Rd3 54. Nc4 Kf6 55. Kg1 Ke6 56. Kf2 Kd5 57. c6 1-0

[Event "26th Klatovy A 2018"]
[Site "Klatovy CZE"]
[Date "2018.07.08"]
[Round "9.35"]
[White "Kantor, Jozef"]
[Black "Odehnal, Jaroslav"]
[Result "0-1"]
[WhiteElo "1813"]
[BlackElo "1974"]
[PlyCount "74"]
[EventDate "2018.06.30"]
[EventType "swiss"]
[EventRounds "9"]
[EventCountry "CZE"]

1. e4 e5 2. Nf3 Nc6 3. d4 exd4 4. Nxd4 Bc5 5. c3 Qf6 6. Be3 Nge7 7. Be2 O-O 8. O-O a6 9. Qd2 d5 10. Nxc6 Qxc6 11. Bxc5 Qxc5 12. b4 Qd6 13. exd5 Nxd5 14. Bf3 Rd8 15. Na3 c6 16. Rad1 Be6 17. Nc2 Qc7 18. Nd4 Nf6 19. Rfe1 Bc4 20. Qg5 h6 21. Qd2 a5 22. Qb2 a4 23. b5 c5 24. b6 Qc8 25. Nb5 Rxd1 26. Rxd1 Rb8 27. Nd6 Qe6 28. Nxb7 a3 29. Qb1 Bxa2 30. Qb5 Qc4 31. Qa5 Bb3 32. Nd6 Qa4 33. Qa7 Rxb6 34. Qxb6 Bxd1 35. Qb8+ Kh7 36. Qb1+ Bc2 37. Qa2 Qb3 0-1

[Event "26th Klatovy A 2018"]
[Site "Klatovy CZE"]
[Date "2018.07.08"]
[Round "9.36"]
[White "Lhotsky, Zdenek"]
[Black "Novak, Martin"]
[Result "1/2-1/2"]
[WhiteElo "1825"]
[BlackElo "1945"]
[PlyCount "42"]
[EventDate "2018.06.30"]
[EventType "swiss"]
[EventRounds "9"]
[EventCountry "CZE"]

1. e4 e6 2. d4 d5 3. e5 c5 4. c3 Qb6 5. a3 Nc6 6. Nf3 c4 7. Nbd2 Na5 8. Rb1 Bd7 9. g3 Ne7 10. Bg2 Nc8 11. O-O Qc7 12. Ng5 Be7 13. Nh3 Nb6 14. f4 O-O-O 15. Nf2 h5 16. h4 Ba4 17. Qf3 g6 18. Nh3 Rdf8 19. Ng5 Bd8 20. Rf2 Kb8 21. Bf1 Bc2 1/2-1/2

[Event "26th Klatovy A 2018"]
[Site "Klatovy CZE"]
[Date "2018.07.08"]
[Round "9.38"]
[White "Vartazaryan, Gor"]
[Black "Novotny, Jaroslav2"]
[Result "0-1"]
[WhiteElo "1775"]
[BlackElo "1933"]
[PlyCount "53"]
[EventDate "2018.06.30"]
[EventType "swiss"]
[EventRounds "9"]
[EventCountry "CZE"]

1. e4 c5 2. Nf3 d6 3. d4 cxd4 4. Nxd4 Nf6 5. Nc3 a6 6. f3 b5 7. Be3 g6 8. Qd2 h5 9. O-O-O Bg7 10. Kb1 Nbd7 11. h4 Bb7 12. Bd3 Ne5 13. Bg5 Rc8 14. g4 hxg4 15. Bxf6 Bxf6 16. h5 gxh5 17. fxg4 Nxd3 18. Qxd3 Rc4 19. Nde2 Qc8 20. gxh5 Be5 21. Rhf1 e6 22. h6 b4 23. Qf3 Qc7 24. h7 bxc3 25. Qg4 Rf8 26. Qg8 Bxe4 27. Nf4 0-1

[Event "26th Klatovy A 2018"]
[Site "Klatovy CZE"]
[Date "2018.07.08"]
[Round "9.39"]
[White "Lhotska, Anna"]
[Black "Skopec, Lubos"]
[Result "1-0"]
[WhiteElo "1689"]
[BlackElo "1981"]
[PlyCount "61"]
[EventDate "2018.06.30"]
[EventType "swiss"]
[EventRounds "9"]
[EventCountry "CZE"]

1. c4 e5 2. Nc3 Nf6 3. Nf3 Nc6 4. e3 d6 5. d4 exd4 6. exd4 Bg4 7. Be2 Be7 8. O-O O-O 9. d5 Nb8 10. b4 Nbd7 11. Bb2 Re8 12. Re1 Bf8 13. Qc2 Nb6 14. Bd3 Qd7 15. Ne4 Nxe4 16. Bxe4 f5 17. Bd3 Qa4 18. Qc3 Bxf3 19. gxf3 Qd7 20. Qc2 g6 21. Kh1 Rxe1+ 22. Rxe1 Bg7 23. Bxg7 Kxg7 24. Qc3+ Kf7 25. Re6 Qd8 26. Qd4 Qh8 27. Qh4 Re8 28. Bxf5 Nxc4 29. Qxc4 Qa1+ 30. Kg2 gxf5 31. Qxc7+ 1-0

[Event "26th Klatovy A 2018"]
[Site "Klatovy CZE"]
[Date "2018.07.08"]
[Round "9.41"]
[White "Stolc, Martin"]
[Black "Vilimova, Julie"]
[Result "1/2-1/2"]
[WhiteElo "2043"]
[BlackElo "1826"]
[PlyCount "45"]
[EventDate "2018.06.30"]
[EventType "swiss"]
[EventRounds "9"]
[EventCountry "CZE"]

1. e4 c5 2. f4 Nc6 3. Nf3 e6 4. Bb5 Nge7 5. O-O a6 6. Bxc6 Nxc6 7. c4 d5 8. d3 Be7 9. e5 b5 10. b3 O-O 11. Nc3 bxc4 12. bxc4 dxc4 13. Qa4 Qxd3 14. Qxc6 Bd7 15. Qc7 Qxc3 16. Qxd7 Qxa1 17. Qxe7 Qxa2 18. f5 exf5 19. e6 c3 20. exf7+ Qxf7 21. Qxc5 Qa7 22. Qf2 Qxf2+ 23. Kxf2 1/2-1/2